Nové trendy vo vývoji priamych zahraničných investícií v krajinách strednej a východnej Európy

Pozícia strednej a východnej Európy v globálnych tokoch priamych zahraničných investícií. Vývoj priamych zahraničných investícií roku 2003. Dôsledky vstupu nových členských krajín z regiónu SVE do EÚ. Rastúci význam služieb v medzinárodných kapitálových tokoch. Perspektívy ďalšieho vývoja.

Guardado en:
Detalles Bibliográficos
Autor principal: Ferenčíková, Soňa, 1960-
Otros Autores: Vážan, Marek
Formato: Capítulo de libro
Lenguaje:eslovaco
Materias:
Etiquetas: Agregar Etiqueta
Sin Etiquetas, Sea el primero en etiquetar este registro!

MARC

LEADER 00000naa$a2200000$$$4500
001 0036676
005 20240502071452.3
041 0 |a slo 
044 |a SK 
245 1 0 |a Nové trendy vo vývoji priamych zahraničných investícií v krajinách strednej a východnej Európy  |c Soňa Ferenčíková, Marek Vážan 
520 |a Pozícia strednej a východnej Európy v globálnych tokoch priamych zahraničných investícií. Vývoj priamych zahraničných investícií roku 2003. Dôsledky vstupu nových členských krajín z regiónu SVE do EÚ. Rastúci význam služieb v medzinárodných kapitálových tokoch. Perspektívy ďalšieho vývoja. 
610 2 0 |a SVE 
610 2 0 |a investície priame zahraničné 
610 2 0 |a reformy hospodárske 
610 2 0 |a politika investičná 
610 2 0 |a spolupráca hospodárska medzinárodná 
610 2 0 |a Európska únia 
100 1 |a Ferenčíková, Soňa, 1960- 
700 1 |a Vážan, Marek